000 01079nam a2200265 a 4500
001 000046513
003 DO-SdBNP
005 20250120101040.0
008 090825s2015 dr 001 0dspa d
020 _z9993402389
040 _aDO-SdBNP
_bspa
_cBNPHU
082 4 _a972.93054
_bE77a, 2015
_222
100 1 _aEspaillat, Teresa,
_d1943-
_916869
245 1 0 _aAbril en mis recuerdos :
_btestimonio de una combatiente /
_cTeresa Espaillat ; prólogo Cristina Díaz Gautier.
250 _a3a. reimp.
260 _aSanto Domingo :
_bBúho,
_c2015.
300 _a165 p. ;
_c22 cm.
500 _aInclue índice onomástico.
500 _aIncluye datos biográficos del autora en la contracubierta
650 4 _aMujeres en la política
_zRepública Dominicana
_ySiglo XX
_xRelatos personales
_916870
651 4 _aRepública Dominicana
_xHistoria
_yRevolución 1965
_xRelatos Personales
_96573
651 0 _aREPÚBLICA DOMINICANA
_xHISTORIA
_yOCUPACIÓN NORTEAMERICANA, 1985-1966
_xCORRESPONDENCIA, MEMORIAS, ETC
_916871
700 1 _aDíaz, Cristina,
_epról.
_916872
942 _2ddc
_cLBS1
999 _c46002
_d46002